| 000 | 00810nam a2200253Ia 4500 | ||
|---|---|---|---|
| 003 | OSt | ||
| 005 | 20220918171503.0 | ||
| 006 | a|||||r|||| 00| 0 | ||
| 007 | ta | ||
| 008 | 220917b |||||||| |||| 00| 0 eng d | ||
| 020 |
_a9781844655502 (pbk) _c1860.17 |
||
| 024 | _a279,928 | ||
| 037 |
_bIN1152, 23/01/2014, Selectbook Service Syndicate _cTextual |
||
| 040 |
_aARTS _cARTS _beng |
||
| 041 |
_2eng _aeng |
||
| 082 | _aR4,(D65,8(B)), Q3 | ||
| 100 |
_aYoung Garry _936922 |
||
| 245 | 0 |
_aEthics in the virtual world _b The morality nd psychology of gaming |
|
| 260 |
_aDurham _bAcumen UK _c2013 |
||
| 300 |
_av, 183p. _ccm. |
||
| 650 | _aPHILOSOPHY | ||
| 942 |
_hR4,(D65,8(B)), Q3 _cTEXL _2CC |
||
| 999 |
_c139808 _d139808 |
||